| 000 | 00563nam a2200193Ia 4500 | ||
|---|---|---|---|
| 005 | 20250508170231.0 | ||
| 008 | 008 250505s9999 xx 000 0 eng d | ||
| 037 | _aTheses | ||
| 040 |
_aFEDL _beng _cFEDL |
||
| 041 |
_aeng _2eng |
||
| 084 |
_a371.1, SHA/TH _qFEDL |
||
| 100 | _aSharma Smriti | ||
| 245 | 0 | _aTeacher educators' perspective and role in an elementary teacher education programme | |
| 260 | _c2022 | ||
| 300 | _aii, 276p. | ||
| 546 | _aPh.D.Thesis (Delhi University) | ||
| 942 |
_cTH _h371.1, SHA/TH |
||
| 999 |
_c1399942 _d1399942 |
||